| 000 | 00601cam a2200205 4500500 | ||
|---|---|---|---|
| 005 | 20260329003910.0 | ||
| 041 | _afre | ||
| 042 | _adc | ||
| 100 | 1 | 0 |
_aPortevin, Catherine _eauthor |
| 245 | 0 | 0 | _aL’été des métamorphoses |
| 260 | _c2017. | ||
| 500 | _a43 | ||
| 690 | _aCatherine Portevin | ||
| 690 | _aChouette | ||
| 690 | _aDevenir | ||
| 690 | _aété | ||
| 690 | _aMétamorphose | ||
| 786 | 0 | _nPhilosophie magazine | 111 | 7-8 | 2017-07-01 | p. 52-52 | 1951-1787 | |
| 856 | 4 | 1 | _uhttps://shs.cairn.info/magazine-philosophie-magazine-2017-7-8-page-52?lang=fr&redirect-ssocas=7080 |
| 999 |
_c1828801 _d1828801 |
||